| 000 | 00465nam a22001937a 4500 | ||
|---|---|---|---|
| 003 | MPLRDC | ||
| 005 | 20220104123403.0 | ||
| 008 | 210129b ||||| |||| 00| 0 eng d | ||
| 020 | _a957-9680-04-3 | ||
| 082 | _a544.1 WYD | ||
| 100 | _a汪咏黛 | ||
| 245 |
_a爱情. 亲情DO RE MI _c |
||
| 250 | _a初版 | ||
| 260 |
_a _b健行文化出版事业有限 _c1996 |
||
| 300 | _b平 | ||
| 490 | _a生活丛书. 98 | ||
| 650 | _a家庭 | ||
| 942 |
_cBK _o544.1 WYD |
||
| 999 |
_c11025 _d11015 |
||